| 000 | 00672nam a22001817a 4500 | ||
|---|---|---|---|
| 005 | 20180412122638.0 | ||
| 010 | _aENG-122612 | ||
| 020 |
_c495.00 _a9789381952221 |
||
| 035 | _aEN-106144 | ||
| 037 | _bDBAD/PUB | ||
| 082 | _a613.7046 | ||
| 100 | _aAgarwal,Suresh Kumar | ||
| 245 |
_aYoga : _cby Suresh Kumar Agarwal [and] Sohan Raj Tater _bfor deaf and dumb persons / |
||
| 260 |
_c2017 _aJaipur _bKhandelwal Publisher $ Distributors |
||
| 270 |
_a57, Ist Floor,Natani Bhawan.Mishra Rajaji Ka Rastra,Chandpole Bazar, _bJaipur _e302001 _k011-40004330,9660660333 _mkpdjpur@gmail.com |
||
| 300 |
_c22cm(Hb) _a143P. _bill. |
||
| 942 |
_cEN _2ddc _mAGA _h613.7046 |
||
| 999 |
_c151119 _d151119 |
||